Classic US Crime Dramas by Picture - Statistics

General Stats
  • This quiz has been taken 28 times
  • The average score is 15 of 28
Answer Stats
Picture Hint Answer % Correct
2005 Bones
88%
2006 Dexter
81%
2003 NCIS
77%
1999 Law & Order: SVU
73%
1990 Law & Order
69%
2000 CSI: Crime Scene Investigation
65%
1982 Cagney & Lacey
62%
2012 Elementary
62%
1980 Magnum P.I.
62%
1975 Starsky & Hutch
62%
1968 Columbo
58%
1984 Miami Vice
58%
2005 Criminal Minds
50%
1973 Kojak
50%
1976 Quincy
50%
1982 T.J. Hooker
50%
2015 Better Call Saul
46%
1981 Hill Street Blues
46%
1957 Perry Mason
46%
1974 The Rockford Files
46%
1967 Dragnet
42%
2002 The Wire
42%
2014 True Detective
42%
2005 The Closer
38%
2008 The Mentalist
38%
1967 Ironside
35%
1990 Twin Peaks
27%
2010 Justified
15%
No matching quizzes found
Score Distribution
Percent of People with Each Score
Percentile by Number Answered
Your Score History
You have not taken this quiz